LEADER 00999nam a2200193 i 4500 001 000000215576 003 CaOOAMICUS 005 20120829000000.0 008 120829s1698 xx u000 u lat u 013 $a194449 026 $ar.ri e-t. l.n- prce (3) 1698 (R) 040 $aSeMil$bita 245 10$aTomus 9. 300 $a[12], 829 [i.e. 827, 1] p. 500 $aOmesse nella numerazione le p. 514-515. - Segn. : pigreco4 a2 A-5K4 5L6. 773 0 $aRocaberti, Juan Thomás : de$tBibliotheca maxima pontificia in qua authores melioris notae qui hactenus pro sancta Romana sede, tum theologicè, tum canonicè scripserunt, ferè omnes continentur. Promouente, aesque suppeditante illustriss. et excellentiss. d. d. fr. Ioanne Thoma de Rocaberti ... Tomus 1. [-20.].$dRomae : Ex Typographia Ioannis Francisci Buagni, 1695-1699.$g9$w()5085 850 $aSeMil 852 $aSeMil$W1$xVenegono$y1$m2B VI 23 FA$j165996$B165996$CSeMilBibl$Z2$F176953 $8I 996 $6245$aTomus 9$9(OLS)http://semarc/title/308143 LEADER 01533nam a2200289 i 4500 001 000000051985 003 CaOOAMICUS 005 20221017142005.0 008 121217s1705 it u000 u lat u 013 $a23157 026 $aeima e.o- s.o- quro (3) 1705 (R) 040 $aSeMil$bita 100 1 $aChiericato, Giovanni Maria,$d<1633-1727>.$0(OLS)http://semarc/name/7132 245 13$aDe ordinis sacramento decisiones auctore Joanne Clericato praeposito Patavino ... In quibus ex studio, et responsis cleri patavini ad casus de eodem ordinis sacramento per eum propositos anno 1693 . 260 $aVenetiis :$bApud Andream Poleti, sub Signo Italiae,$c1705. 300 $a[24], 400 p. ;$c8°. 500 $aMarca (monogramma del tip.) sul front. - Front. stampato in rosso e nero. - Iniz. e fregi xilogr. 500 $aSegn.: a-c4 A-3D4 650 4$aOrdine (Sacramento).$0(OLS)http://semarc/subject/4458 700 1 $aPoletti, Andrea,$c.$0(OLS)http://semarc/name/11828 850 $aSeMil 852 $aSeMil$W1$xVenegono$y1$m2G II 55 FA$j18140$B18140$CSeMilBibl$Z2$F18141 $8I 941 1 $a10 961 $aRecupero: Mantegazza 996 $6245$aDe ordinis sacramento decisiones auctore Joanne Clericato praeposito Patavino ... In quibus ex studio, et responsis cleri patavini ad casus de eodem ordinis sacramento per eum propositos anno 1693 .$9(OLS)http://semarc/title/79680 996 $6260$aVenetiis :$bApud Andream Poleti, sub Signo Italiae$9(OLS)http://semarc/publisher/41406